000 00598nam a22001817a 4500
003 OSt
005 20251117091539.0
008 251117b |||||||| |||| 00| 0 eng d
020 _a971-8510-20-6.
040 _aDWCL-Admin lib
_cOC
082 _aFil. 620.1 B554s 1984
100 _aBesavilla, Venancio I., Jr.
245 _aSolution to problems in strength of materials /
_cVenancio I. Besavilla, Jr.
260 _aCebu City :
_bVIB Pub.,
_cc1984.
300 _a 704 p. : ill. ;
_c22 cm.
650 _a1. Strength of materials-Problems, exercises, etc.
942 _2ddc
_cBK - FIL
_kFil.
_n0
_e 2nd ed.
999 _c5693
_d5693